[Event "Aktiv-Alliancen 2000"]
[Site "Taastrup"]
[Date "2000.01.21"]
[Round "1"]
[White "Bjorntoft, Peter"]
[Black "Madhy, Nezar"]
[Result "1-0"]
[WhiteElo "2227"]
[BlackElo "1666"]
[PlyCount "53"]
[EventDate "2000.??.??"]


1. e4 c5 2. Nf3 d6 3. d4 cxd4 4. Nxd4 Nf6 5. Nc3 a6 6. Bc4 e6 7. Bb3 b5 8. f3
Bb7 9. Be3 Nbd7 10. Qe2 Nc5 11. O-O e5 12. Nf5 Nxb3 13. axb3 g6 14. Nh6 Qc7 15.
Bg5 Bg7 16. Rad1 Rd8 17. Ng4 Nxg4 18. Bxd8 Qc5+ 19. Kh1 Ne3 20. b4 Qa7 21. Nxb5
axb5 22. Qxb5+ Kxd8 23. Ra1 Qb8 24. Qb6+ Ke7 25. Ra7 Ke6 26. Qxe3 Bc8 27. Qb3+
1-0

[Event "Aktiv-Alliancen 2000"]
[Site "Taastrup"]
[Date "2000.01.21"]
[Round "1"]
[White "Thogersen, Kim"]
[Black "Christensen, Bo Garner"]
[Result "0-1"]
[WhiteElo "1636"]
[BlackElo "2204"]
[PlyCount "54"]
[EventDate "2000.??.??"]


1. d4 Nf6 2. c4 g6 3. Nc3 Bg7 4. e4 d6 5. Be2 O-O 6. Be3 c5 7. dxc5 Qa5 8. Qc2
Nxe4 9. Qxe4 Bxc3+ 10. bxc3 Qxc3+ 11. Bd2 Qxa1+ 12. Bd1 Bf5 13. Qxb7 Bc2 14.
Qf3 Nc6 15. Bc3 Qxd1+ 16. Qxd1 Bxd1 17. Kxd1 dxc5 18. Nf3 Rfd8+ 19. Kc2 f6 20.
Rd1 Rxd1 21. Kxd1 e5 22. Nd2 Rd8 23. Kc2 Nd4+ 24. Kb2 Rb8+ 25. Ka3 f5 26. Nf1
Kf7 27. Ne3 Ke6 0-1

[Event "Aktiv-Alliancen 2000"]
[Site "Taastrup"]
[Date "2000.01.21"]
[Round "1"]
[White "Jorgensen, Brian"]
[Black "Korolev, Nikolaj"]
[Result "1-0"]
[WhiteElo "2198"]
[BlackElo "1600"]
[PlyCount "85"]
[EventDate "2000.??.??"]


1. d4 Nf6 2. c4 e6 3. Nc3 Bb4 4. Bd2 O-O 5. e3 d5 6. Nf3 Nbd7 7. Bd3 c5 8. O-O
a6 9. cxd5 exd5 10. Rc1 Re8 11. a3 Ba5 12. Bb1 cxd4 13. exd4 Nf8 14. Ne5 Ne6
15. Be3 Bc7 16. Re1 Bd6 17. Qf3 Nc7 18. Bg5 h6 19. Bh4 Be7 20. Qd3 Be6 21. Re3
g5 22. Bg3 Kg7 23. Ng6 Bd6 24. Be5 Bxe5 25. Nxe5 Rh8 26. Rce1 Nce8 27. Ng6 Nd6
28. Nxh8 Kxh8 29. Rxe6 fxe6 30. Rxe6 Nde4 31. Qh3 Kg7 32. Bxe4 dxe4 33. d5 Rc8
34. Qf5 Rc7 35. h4 gxh4 36. Qe5 Rf7 37. Nxe4 Qf8 38. d6 b5 39. d7 Qd8 40. Nxf6
Rxf6 41. Qxf6+ Qxf6 42. Rxf6 Kxf6 43. d8=Q+ 1-0

[Event "Aktiv-Alliancen 2000"]
[Site "Taastrup"]
[Date "2000.01.21"]
[Round "1"]
[White "Foslund, Peter"]
[Black "Nolsoe, Eydun"]
[Result "0-1"]
[WhiteElo "1576"]
[BlackElo "2184"]
[PlyCount "94"]
[EventDate "2000.??.??"]


1. c4 Nf6 2. Nf3 c5 3. Nc3 d5 4. cxd5 Nxd5 5. Nxd5 Qxd5 6. d3 e5 7. Be3 Nc6 8.
g3 Be6 9. Bg2 Rc8 10. O-O Qd7 11. Ng5 Bd5 12. Bxd5 Qxd5 13. Ne4 Be7 14. b3 O-O
15. f4 f5 16. Nc3 Qe6 17. Rc1 Rcd8 18. Qe1 b6 19. Qf2 h6 20. Qg2 Rf7 21. Kh1
exf4 22. Bxf4 Ne5 23. Bxe5 Qxe5 24. Qf3 Bg5 25. Rc2 Rdd7 26. Kg2 g6 27. Nd1 h5
28. h4 Bh6 29. Nb2 Rde7 30. Nc4 Qd4 31. Qc6 Rf6 32. Qf3 b5 33. Nb2 Re3 34. Qa8+
Rf8 35. Qc6 Qg4 36. Qd5+ Kh7 37. Rf3 Rfe8 38. Kf2 f4 39. Qf7+ Kh8 40. Qf6+ Kh7
41. Qf7+ Kh8 42. Qf6+ Kg8 43. gxf4 R3e6 44. Qc3 Qxh4+ 45. Kf1 Qh1+ 46. Kf2
Rxe2+ 47. Rxe2 Qh2+ 0-1

[Event "Aktiv-Alliancen 2000"]
[Site "Taastrup"]
[Date "2000.01.21"]
[Round "1"]
[White "Petersen, Steen Brustrup"]
[Black "Theander, Stig"]
[Result "1-0"]
[WhiteElo "2174"]
[BlackElo "1546"]
[PlyCount "71"]
[EventDate "2000.??.??"]


1. e4 Nf6 2. e5 Nd5 3. d4 d6 4. Nf3 Nc6 5. Be2 Bg4 6. O-O g6 7. exd6 cxd6 8. h3
Bd7 9. c4 Nf6 10. Nc3 Bg7 11. Bg5 Qa5 12. Re1 h6 13. Be3 O-O 14. a3 Rac8 15. b4
Qd8 16. Rc1 Bf5 17. d5 Nb8 18. Nd4 Bd7 19. Bd3 a6 20. Qd2 Kh7 21. Nb3 e5 22. f3
Nh5 23. Ne4 Qe7 24. c5 f5 25. Nxd6 f4 26. Bf2 Qg5 27. Ne4 Qe7 28. Qc2 Ba4 29.
Qa2 Nf6 30. Nbd2 Qf7 31. Nxf6+ Bxf6 32. Ne4 Be7 33. Bc4 Bb5 34. Bb3 Qf5 35. d6
Bd8 36. Be6 1-0

[Event "Aktiv-Alliancen 2000"]
[Site "Taastrup"]
[Date "2000.01.21"]
[Round "1"]
[White "Christoffersen, Eskild"]
[Black "Jensen, Soren G"]
[Result "0-1"]
[WhiteElo "1508"]
[BlackElo "2161"]
[PlyCount "52"]
[EventDate "2000.??.??"]


1. c4 c5 2. Nc3 Nc6 3. g3 g6 4. Bg2 Bg7 5. Nf3 e6 6. O-O Nge7 7. d3 O-O 8. Bd2
d5 9. cxd5 exd5 10. Qc1 Re8 11. Bg5 Qd7 12. Qd2 b6 13. Rfe1 Bb7 14. Bxe7 Rxe7
15. Rac1 d4 16. Nb1 Rae8 17. Qd1 Nb4 18. a3 Nd5 19. Nbd2 Bc6 20. Nh4 Bf6 21.
Bxd5 Qxd5 22. Nhf3 Bg7 23. b4 g5 24. Ne4 g4 25. Nh4 f5 26. b5 Ba8 0-1

[Event "Aktiv-Alliancen 2000"]
[Site "Taastrup"]
[Date "2000.01.21"]
[Round "1"]
[White "Danielsen, Heini"]
[Black "Christensen, Aage"]
[Result "1-0"]
[WhiteElo "2135"]
[BlackElo "1506"]
[PlyCount "45"]
[EventDate "2000.??.??"]


1. e4 e5 2. Nf3 Nc6 3. Bb5 a6 4. Bxc6 dxc6 5. O-O Bd6 6. d4 Qe7 7. dxe5 Bxe5 8.
Nxe5 Qxe5 9. Nc3 Nf6 10. f4 Qc5+ 11. Kh1 Bg4 12. Qd3 Rd8 13. Qg3 h5 14. f5 h4
15. Qf4 Nh5 16. Qe3 Qd6 17. e5 Qe7 18. Qg5 Qxe5 19. Bf4 Ng3+ 20. Bxg3 hxg3 21.
Rae1 Rxh2+ 22. Kg1 Be2 23. Rxe2 1-0

[Event "Aktiv-Alliancen 2000"]
[Site "Taastrup"]
[Date "2000.01.21"]
[Round "1"]
[White "Jensen, Dan Bronnum"]
[Black "Nielsen, Borge Hjerrild"]
[Result "0-1"]
[WhiteElo "1487"]
[BlackElo "2135"]
[PlyCount "66"]
[EventDate "2000.??.??"]


1. e4 c6 2. c4 d5 3. Nc3 dxe4 4. Nxe4 Nd7 5. Nf3 Ngf6 6. Nc3 g6 7. g3 Bg7 8.
Bg2 O-O 9. O-O Nb6 10. d3 Bf5 11. Ne1 Qd7 12. Be3 Qc7 13. c5 Nbd5 14. Nxd5 Nxd5
15. d4 Rad8 16. a3 Nxe3 17. fxe3 e5 18. Nf3 Bg4 19. Qa4 Bxf3 20. Bxf3 exd4 21.
e4 a6 22. Kg2 d3 23. Rab1 Rd4 24. Qd1 Rfd8 25. Qd2 h5 26. b4 Kh7 27. Qd1 Qe5
28. h3 Bh6 29. a4 Rc4 30. Rf2 Be3 31. Ra2 Rc2+ 32. Rxc2 dxc2 33. Qxd8 cxb1=Q
0-1

[Event "Aktiv-Alliancen 2000"]
[Site "Taastrup"]
[Date "2000.01.21"]
[Round "1"]
[White "Nohr, Finn"]
[Black "Radovic, Slobodan"]
[Result "1-0"]
[WhiteElo "2116"]
[BlackElo "1483"]
[PlyCount "93"]
[EventDate "2000.??.??"]


1. e4 g6 2. d4 d6 3. Nc3 Bg7 4. Be3 Nf6 5. Qd2 O-O 6. O-O-O c6 7. f3 b5 8. g4
b4 9. Na4 a5 10. c4 bxc3 11. Nxc3 Ba6 12. Nge2 Nbd7 13. Ng3 Bxf1 14. Rdxf1 a4
15. g5 Ne8 16. h4 Nb6 17. Qe2 c5 18. Rd1 cxd4 19. Bxd4 Bxd4 20. Rxd4 Nc7 21. h5
e5 22. Rb4 Qxg5+ 23. Kb1 Qxg3 24. Rxb6 Rfd8 25. Qe3 Qf4 26. Qxf4 exf4 27. hxg6
fxg6 28. Rb7 Ne6 29. Rhxh7 Rf8 30. Nd5 Rad8 31. Rhe7 Rde8 32. Rxe8 Rxe8 33.
Nf6+ Kf8 34. Nh7+ Kg8 35. Nf6+ Kf8 36. Nxe8 Kxe8 37. b3 axb3 38. Rxb3 Nd4 39.
Rd3 Ne6 40. Rxd6 Ke7 41. Rd5 Nc7 42. Rg5 Kf6 43. Rc5 Ne6 44. Rc6 Ke5 45. Rxe6+
Kxe6 46. Kc2 Ke5 47. Kd3 1-0

[Event "Aktiv-Alliancen 2000"]
[Site "Taastrup"]
[Date "2000.01.21"]
[Round "1"]
[White "Pallesen, Jacob"]
[Black "Andersen, Nick Brix"]
[Result "1-0"]
[WhiteElo "2075"]
[BlackElo "1450"]
[PlyCount "119"]
[EventDate "2000.??.??"]


1. d4 Nf6 2. c4 e6 3. Nc3 Bb4 4. e3 O-O 5. Bd3 d5 6. Nge2 c5 7. a3 cxd4 8. exd4
Bxc3+ 9. Nxc3 Nc6 10. Be3 a6 11. cxd5 Nxd5 12. O-O e5 13. Nxd5 exd4 14. Bxd4
Nxd4 15. Bxh7+ Kxh7 16. Qxd4 Be6 17. Qe4+ g6 18. Rad1 Qg5 19. Nc7 Bf5 20. Qe5
Rad8 21. Nd5 Kh6 22. Qe3 Qxe3 23. Nxe3 Be6 24. Rxd8 Rxd8 25. Rd1 Rxd1+ 26. Nxd1
Bc4 27. f3 f5 28. Kf2 f4 29. Nc3 a5 30. Ne4 Bd5 31. Ke2 Bc6 32. Nc3 g5 33. g3
g4 34. fxg4 fxg3 35. h4 Bd7 36. Kf3 g2 37. Ne2 Bb5 38. Ng1 Bc6+ 39. Kg3 Kg6 40.
h5+ Kg5 41. Nh3+ Kh6 42. Kh4 Bd7 43. g5+ Kg7 44. Ng1 a4 45. Kg3 Bc6 46. Nh3 Be4
47. Kf2 b5 48. Nf4 Kh7 49. Nxg2 Kg7 50. Nf4 Bf5 51. Ke3 Kf7 52. Kd4 Kg7 53. Ke5
Bc2 54. Ne6+ Kg8 55. Kf6 Bd1 56. Nf4 Bb3 57. g6 Kf8 58. h6 Kg8 59. Nh3 Kh8 60.
Ng5 1-0

[Event "Aktiv-Alliancen 2000"]
[Site "Taastrup"]
[Date "2000.01.21"]
[Round "1"]
[White "Engel, Christian"]
[Black "Nielsen, Jan Mose"]
[Result "0-1"]
[WhiteElo "1445"]
[BlackElo "2040"]
[PlyCount "88"]
[EventDate "2000.??.??"]


1. e4 c5 2. c3 d5 3. exd5 Qxd5 4. d4 cxd4 5. cxd4 Nc6 6. Nf3 Bg4 7. Nc3 Qh5 8.
Bb5 e6 9. d5 exd5 10. Qxd5 Qxd5 11. Nxd5 O-O-O 12. Bxc6 bxc6 13. Ne3 Bxf3 14.
gxf3 Bb4+ 15. Ke2 Nf6 16. a3 Bd6 17. Bd2 Rhe8 18. Rac1 Kb7 19. Bc3 Nh5 20. Kf1
g6 21. Rd1 Bc5 22. Rxd8 Rxd8 23. Rg1 Rd3 24. Rg4 Bxe3 25. fxe3 Rxe3 26. Kf2 Re6
27. Rb4+ Kc8 28. Ra4 Re7 29. Bd4 Nf4 30. Rxa7 Nd3+ 31. Kg3 Rxa7 32. Bxa7 Nxb2
33. Kf4 Kd7 34. Kg5 Ke6 35. Kh6 Na4 36. Kxh7 c5 37. Kg7 c4 38. Be3 c3 39. h4 c2
40. Kh6 Nc5 41. Kg5 Ke5 42. Kh6 Nb3 43. Kg7 f5 44. a4 f4 0-1

[Event "Aktiv-Alliancen 2000"]
[Site "Taastrup"]
[Date "2000.01.21"]
[Round "1"]
[White "Auchenberg, Per"]
[Black "Holst, Thorsten"]
[Result "1-0"]
[WhiteElo "2017"]
[BlackElo "1411"]
[PlyCount "73"]
[EventDate "2000.??.??"]


1. f4 d5 2. b3 Nf6 3. Bb2 g6 4. Nf3 Bg7 5. g3 O-O 6. Bg2 c5 7. O-O Nc6 8. e3
Bg4 9. h3 Be6 10. g4 Qd7 11. Nh4 Nxg4 12. Bxg7 Nxe3 13. dxe3 Kxg7 14. Qf3 f5
15. Nc3 Rad8 16. Rad1 d4 17. Na4 Bd5 18. Qxd5 Qxd5 19. Bxd5 Rxd5 20. c4 Rd6 21.
exd4 cxd4 22. Nf3 b6 23. Rfe1 g5 24. fxg5 Rg6 25. Nxd4 Nxd4 26. Rxd4 Rxg5+ 27.
Kh2 Kf6 28. Nc3 e5 29. Rd6+ Kf7 30. Rxe5 Rfg8 31. Rd7+ Kf6 32. Re2 h6 33. Nd5+
Kg6 34. Re6+ Kh5 35. Nf4+ Kh4 36. Rxh6+ Rh5 37. Rxh5# 1-0

[Event "Aktiv-Alliancen 2000"]
[Site "Taastrup"]
[Date "2000.01.21"]
[Round "1"]
[White "Dalso, Svend"]
[Black "Hansen, Rasmus Agertoft"]
[Result "0-1"]
[WhiteElo "1406"]
[BlackElo "1936"]
[PlyCount "34"]
[EventDate "2000.??.??"]


1. b3 e6 2. Bb2 Nf6 3. e3 c5 4. Nf3 Be7 5. Be2 d5 6. O-O O-O 7. c4 Nc6 8. Nc3
d4 9. exd4 cxd4 10. Nb5 d3 11. Bxd3 Qxd3 12. Re1 Bc5 13. Ne5 Nxe5 14. Bxe5 Ne4
15. Re2 Nxf2 16. Rxf2 Bxf2+ 17. Kxf2 Qf5+ 0-1

[Event "Aktiv-Alliancen 2000"]
[Site "Taastrup"]
[Date "2000.01.21"]
[Round "1"]
[White "Simonsen, Per Barndorff"]
[Black "Madsen, Ole Bang"]
[Result "1-0"]
[WhiteElo "1901"]
[BlackElo "1404"]
[PlyCount "69"]
[EventDate "2000.??.??"]


1. d4 Nf6 2. c4 e6 3. Nc3 d5 4. Bg5 Be7 5. e3 Nbd7 6. Nf3 c5 7. cxd5 Nxd5 8. h4
cxd4 9. Qxd4 Bf6 10. Bxf6 N5xf6 11. Bc4 O-O 12. Rd1 Qb6 13. O-O Qxd4 14. Rxd4
Nb6 15. Bb3 Bd7 16. Ne5 Bc6 17. Nxc6 bxc6 18. Rfd1 Nfd5 19. Na4 Nxa4 20. Bxa4
Rfc8 21. e4 Nb6 22. Bxc6 e5 23. R4d3 Rab8 24. Bb7 Rf8 25. Ba6 h5 26. b3 Nc8 27.
Rd7 Ra8 28. Rc7 Nb6 29. f3 f6 30. Kf1 Rf7 31. Rdc1 g5 32. hxg5 fxg5 33. R1c5 g4
34. Rxf7 Kxf7 35. Rxe5 1-0

[Event "Aktiv-Alliancen 2000"]
[Site "Taastrup"]
[Date "2000.01.21"]
[Round "1"]
[White "Adamsen, Kim Rud"]
[Black "Tolstrup, Thomas"]
[Result "0-1"]
[WhiteElo "1386"]
[BlackElo "1882"]
[PlyCount "76"]
[EventDate "2000.??.??"]


1. d4 Nf6 2. Nf3 d5 3. Bf4 c5 4. e3 Nc6 5. c3 Qb6 6. Qb3 c4 7. Qxb6 axb6 8.
Nbd2 b5 9. b4 Bf5 10. Be2 Ra3 11. Rc1 Rxa2 12. Nh4 e6 13. Nxf5 exf5 14. Bf3
Nxb4 15. cxb4 Bxb4 16. e4 dxe4 17. Be2 Nd5 18. Be3 Nxe3 19. fxe3 Bxd2+ 20. Kf2
Bxc1 21. Rxc1 O-O 22. Ke1 g5 23. Rd1 f4 24. exf4 gxf4 25. d5 c3 26. Bxb5 Rxg2
27. h4 Rg1+ 28. Bf1 c2 29. Rc1 e3 30. Ke2 Rd8 31. Rxc2 Rxd5 32. Bh3 Rg3 33. Bf1
Re5 34. Ke1 f3 35. Rb2 Ra5 36. Rb1 Ra2 37. Kd1 Rd2+ 38. Kc1 Rg1 0-1

[Event "Aktiv-Alliancen 2000"]
[Site "Taastrup"]
[Date "2000.01.21"]
[Round "1"]
[White "Christiansen, Erling Molbaek"]
[Black "Dencker, Martin"]
[Result "0-1"]
[WhiteElo "1805"]
[BlackElo "1355"]
[PlyCount "44"]
[EventDate "2000.??.??"]


1. e4 c5 2. Nf3 d6 3. d4 cxd4 4. Nxd4 Nf6 5. Nc3 Nc6 6. Be3 e6 7. Bd3 Be7 8.
O-O e5 9. Nde2 Ng4 10. Qd2 Nxe3 11. Qxe3 Bg5 12. f4 Bh6 13. Kh1 Bg4 14. Qg3
Bxe2 15. Nxe2 f6 16. Bc4 Qb6 17. Qd3 O-O-O 18. a3 exf4 19. b4 Kb8 20. Nxf4 Bxf4
21. Rxf4 Ne5 22. Qe2 Qd4 0-1

[Event "Aktiv-Alliancen 2000"]
[Site "Taastrup"]
[Date "2000.01.21"]
[Round "1"]
[White "Helleberg, Jorgen"]
[Black "Moller, Arne Vagn"]
[Result "0-1"]
[WhiteElo "1270"]
[BlackElo "1805"]
[PlyCount "40"]
[EventDate "2000.??.??"]


1. d4 Nf6 2. Nf3 b6 3. Bg5 Bb7 4. e3 e6 5. Nbd2 Be7 6. Bd3 O-O 7. O-O d6 8. Qe2
Nbd7 9. Rfe1 c5 10. c3 d5 11. Bxf6 Bxf6 12. e4 cxd4 13. e5 dxc3 14. bxc3 Be7
15. Nd4 g6 16. N2f3 Nc5 17. Bc2 Rc8 18. Qd2 Ne4 19. Qh6 Rxc3 20. Nd2 Bg5 0-1

[Event "Aktiv-Alliancen 2000"]
[Site "Taastrup"]
[Date "2000.01.21"]
[Round "1"]
[White "Orio, Lars"]
[Black "Jensen, Alexander Lindberg"]
[Result "1-0"]
[WhiteElo "1784"]
[BlackElo "1257"]
[PlyCount "33"]
[EventDate "2000.??.??"]


1. e4 e5 2. Nf3 Nc6 3. Bc4 Bc5 4. c3 a6 5. d4 exd4 6. cxd4 Ba7 7. O-O Nf6 8.
Nc3 O-O 9. e5 Ne8 10. Bg5 Ne7 11. Nd5 f6 12. Nxe7+ Kh8 13. exf6 Nxf6 14. Re1 c6
15. Ne5 d5 16. Bd3 Qxe7 17. Ng6+ 1-0

[Event "Aktiv-Alliancen 2000"]
[Site "Taastrup"]
[Date "2000.01.21"]
[Round "1"]
[White "Traerup, Jorgen"]
[Black "Pedersen, Bent O"]
[Result "0-1"]
[WhiteElo "1189"]
[BlackElo "1751"]
[PlyCount "60"]
[EventDate "2000.??.??"]


1. e4 c5 2. Nf3 Nf6 3. Nc3 Nc6 4. Bc4 Na5 5. Be2 d5 6. Bb5+ Bd7 7. Qe2 a6 8.
Bxd7+ Qxd7 9. exd5 Nxd5 10. d3 e6 11. O-O Be7 12. Nxd5 Qxd5 13. Qe5 Nc6 14.
Qxd5 exd5 15. Re1 O-O 16. Bf4 f6 17. Re6 Kf7 18. Rae1 Rfe8 19. c3 g5 20. Bg3 g4
21. Nh4 Ne5 22. R6xe5 fxe5 23. Rxe5 Bxh4 24. Rxe8 Rxe8 25. Kf1 Bxg3 26. hxg3
Kf6 27. b3 b5 28. a3 Kf5 29. b4 cxb4 30. axb4 Rc8 0-1

[Event "Aktiv-Alliancen 2000"]
[Site "Taastrup"]
[Date "2000.01.21"]
[Round "1"]
[White "Nielsen, Dagh"]
[Black "Foslund, Kasper"]
[Result "0-1"]
[WhiteElo "1744"]
[BlackElo "1178"]
[PlyCount "92"]
[EventDate "2000.??.??"]


1. e4 c5 2. Nf3 Nc6 3. Bb5 e6 4. O-O a6 5. Bxc6 bxc6 6. b3 d5 7. d3 Bd6 8. Bb2
f6 9. e5 Be7 10. Re1 Nh6 11. Nc3 O-O 12. Ne2 Nf7 13. Ng3 f5 14. a4 a5 15. Nh5
Ng5 16. Nf4 Bd7 17. Ba3 Nxf3+ 18. Qxf3 Rf7 19. g3 g5 20. Nh5 Qf8 21. Re2 g4 22.
Qe3 d4 23. Qf4 Kh8 24. Kg2 h6 25. Nf6 Rd8 26. Rh1 Bc8 27. h3 Bxf6 28. exf6
gxh3+ 29. Rxh3 Rxf6 30. c4 dxc3 31. Qc4 Rd5 32. Qxc3 Kh7 33. Qxa5 e5 34. Bb2 f4
35. f3 Bxh3+ 36. Kxh3 fxg3 37. Rxe5 Rf7 38. Qb6 Rxd3 39. a5 g2 40. Re1 Rdxf3+
41. Kxg2 Rf2+ 42. Kg1 Rf1+ 43. Rxf1 Rxf1+ 44. Kg2 Qf3+ 45. Kh2 Rf2+ 46. Kg1
Qg2# 0-1

[Event "Aktiv-Alliancen 2000"]
[Site "Taastrup"]
[Date "2000.01.21"]
[Round "1"]
[White "Pedersen, Andre"]
[Black "Nielsen, Michael"]
[Result "0-1"]
[WhiteElo "1150"]
[BlackElo "1719"]
[PlyCount "60"]
[EventDate "2000.??.??"]


1. d4 Nf6 2. c4 c5 3. d5 b5 4. b3 g6 5. Bb2 Bg7 6. e4 d6 7. cxb5 a6 8. Nd2 O-O
9. Ngf3 axb5 10. Bxb5 Qb6 11. Bc4 Ba6 12. Qc2 Bxc4 13. Qxc4 Nbd7 14. Qc3 Rfb8
15. O-O Qb4 16. Qd3 Qb5 17. Qc3 Nb6 18. Rfb1 Rc8 19. Qc2 Qa6 20. Nc4 Nxc4 21.
bxc4 Qa4 22. Qc3 Rcb8 23. a3 Rb3 24. Qc2 Rb7 25. Qc3 Rab8 26. Nd2 Nh5 27. Qd3
Rxb2 28. Rxb2 Rxb2 29. Rb1 Nf4 30. Qf3 Rxd2 0-1

[Event "Aktiv-Alliancen 2000"]
[Site "Taastrup"]
[Date "2000.01.21"]
[Round "1"]
[White "Dalso, Harry"]
[Black "Jorgensen, Morten"]
[Result "1-0"]
[WhiteElo "1718"]
[BlackElo "1117"]
[PlyCount "81"]
[EventDate "2000.??.??"]


1. e4 c5 2. Nc3 e6 3. g3 Nc6 4. Bg2 Be7 5. f4 d6 6. d3 a6 7. Nf3 Qc7 8. O-O Nf6
9. h3 Nh5 10. Ne2 Nf6 11. Bd2 b5 12. a3 Bb7 13. g4 O-O-O 14. Qe1 h5 15. g5 Nd7
16. Bc3 f6 17. h4 g6 18. Bh3 e5 19. gxf6 Bxf6 20. Ng5 Bxg5 21. fxg5 Rh7 22. Rf6
Rg7 23. Qf2 Kb8 24. Bxd7 Qxd7 25. Qg3 Qe7 26. Rd1 Rd7 27. Bd2 Kc7 28. Qh3 Nd8
29. Ba5+ Kc6 30. Bxd8 Qxd8 31. Nc3 Kb6 32. Qe6 Rge7 33. Nd5+ Bxd5 34. Qxd5 Rg7
35. Qxe5 Kc7 36. Qd5 Kb6 37. e5 Kc7 38. exd6+ Kb6 39. d4 Qe8 40. dxc5+ Ka7 41.
Re6 1-0

[Event "Aktiv-Alliancen 2000"]
[Site "Taastrup"]
[Date "2000.01.21"]
[Round "1"]
[White "Schmidt, Horst Hubert"]
[Black "Lauritsen, Martin Lee"]
[Result "1-0"]
[WhiteElo "1718"]
[BlackElo "1100"]
[PlyCount "61"]
[EventDate "2000.??.??"]


1. d4 d5 2. Nf3 Nc6 3. c4 e6 4. Nc3 Bb4 5. cxd5 Qxd5 6. e3 Nf6 7. Bd3 e5 8. O-O
Bxc3 9. bxc3 e4 10. c4 Qd8 11. d5 Nb4 12. Bxe4 Nxe4 13. Qa4+ c6 14. Qxb4 cxd5
15. cxd5 Qxd5 16. Ba3 Qe6 17. Rfd1 Bd7 18. Qxb7 Bc6 19. Qb4 a5 20. Qd4 Nf6 21.
Ne5 Bd5 22. Qa4+ Kd8 23. Nc6+ Kc7 24. Nd4 Rhc8 25. Nxe6+ Bxe6 26. Rac1+ Kb7 27.
Qb5+ Ka7 28. Rc6 Rxc6 29. Qxc6 Bd5 30. Bc5+ Kb8 31. Rb1+ 1-0

[Event "Aktiv-Alliancen 2000"]
[Site "Taastrup"]
[Date "2000.01.21"]
[Round "1"]
[White "Kaaber Hansen, Jacob"]
[Black "Jacobsen, Jesper Howalt"]
[Result "1-0"]
[WhiteElo "1703"]
[BlackElo "1000"]
[PlyCount "83"]
[EventDate "2000.??.??"]


1. f4 d5 2. Nf3 Nf6 3. e3 e6 4. b3 Be7 5. Be2 Nbd7 6. O-O O-O 7. c4 c6 8. Qc2
Ne8 9. d4 g6 10. Ba3 Ng7 11. Bxe7 Qxe7 12. Nbd2 a5 13. g4 h5 14. h3 Nf6 15. Ng5
Bd7 16. Rf2 Rfc8 17. c5 Nh7 18. Nxh7 Kxh7 19. gxh5 Nf5 20. hxg6+ fxg6 21. Qd3
Rg8 22. Nf3 g5 23. Nxg5+ Kh6 24. Rg2 Be8 25. Bg4 Bg6 26. Qe2 Nh4 27. Rh2 Bf5
28. Qf2 Ng6 29. Rc1 Rac8 30. Kf1 Kg7 31. Ke2 Rh8 32. Nf3 Rh6 33. Rg1 Rch8 34.
Bxf5 exf5 35. Ne5 Kf6 36. Nxg6 Rxg6 37. Rxg6+ Kxg6 38. Rg2+ Kf7 39. Qg3 Qf6 40.
h4 Rxh4 41. Qg8+ Ke7 42. Rg7+ 1-0

[Event "Aktiv-Alliancen 2000"]
[Site "Taastrup"]
[Date "2000.01.22"]
[Round "2"]
[White "Hansen, Rasmus Agertoft"]
[Black "Bjorntoft, Peter"]
[Result "1-0"]
[WhiteElo "1936"]
[BlackElo "2227"]
[PlyCount "55"]
[EventDate "2000.??.??"]


1. e4 c6 2. d4 d5 3. Nd2 dxe4 4. Nxe4 Bf5 5. Ng3 Bg6 6. h4 h6 7. Nh3 Nf6 8. Nf4
Bh7 9. Bc4 Nd5 10. Qh5 e6 11. Nxe6 Qe7 12. Bxd5 cxd5 13. Kd2 Bg6 14. Qg4 h5 15.
Nxg7+ Bxg7 16. Qc8+ Qd8 17. Re1+ Be4 18. Qxb7 O-O 19. Qxa8 Qb6 20. Rxe4 Nc6 21.
Re8 Qxd4+ 22. Ke1 Nb4 23. Rxf8+ Bxf8 24. Qc8 Kh7 25. Qf5+ Kg8 26. Nxh5 Qc4 27.
Nf6+ Kh8 28. Qh7# 1-0

[Event "Aktiv-Alliancen 2000"]
[Site "Taastrup"]
[Date "2000.01.22"]
[Round "2"]
[White "Christensen, Bo Garner"]
[Black "Simonsen, Per Barndorff"]
[Result "1-0"]
[WhiteElo "2204"]
[BlackElo "1901"]
[PlyCount "45"]
[EventDate "2000.??.??"]


1. e4 e6 2. Nf3 d5 3. e5 c5 4. b4 cxb4 5. a3 Nc6 6. axb4 Bxb4 7. c3 Ba5 8. d4
Bd7 9. Bd3 Rc8 10. O-O Nge7 11. Re1 Ng6 12. Bd2 a6 13. Ng5 f5 14. exf6 Qxf6 15.
Qh5 Ke7 16. Nxe6 Kd6 17. Bg5 Qf7 18. Bf4+ Nce5 19. Bxg6 Qxe6 20. Rxe5 Qxg6 21.
Rg5+ Kc6 22. Rxg6+ hxg6 23. Qxg6+ 1-0

[Event "Aktiv-Alliancen 2000"]
[Site "Taastrup"]
[Date "2000.01.22"]
[Round "2"]
[White "Tolstrup, Thomas"]
[Black "Jorgensen, Brian"]
[Result "0-1"]
[WhiteElo "1882"]
[BlackElo "2198"]
[PlyCount "54"]
[EventDate "2000.??.??"]


1. d4 d5 2. Nf3 Nf6 3. c4 e6 4. g3 c5 5. cxd5 exd5 6. Bg2 Nc6 7. O-O Be7 8.
dxc5 Bxc5 9. Nc3 d4 10. Na4 Be7 11. Bf4 O-O 12. Rc1 Nd5 13. Nxd4 Nxd4 14. Be5
Nc6 15. Bxg7 Kxg7 16. Bxd5 Nb4 17. Qd4+ Bf6 18. Qxb4 Qxd5 19. Rfd1 Qe5 20. e4
Bh3 21. Rd5 Qe6 22. Nc5 Qg4 23. Qb3 Rad8 24. f3 Qc8 25. Rcd1 Rxd5 26. Rxd5 Rd8
27. e5 Be7 0-1

[Event "Aktiv-Alliancen 2000"]
[Site "Taastrup"]
[Date "2000.01.22"]
[Round "2"]
[White "Nolsoe, Eydun"]
[Black "Orio, Lars"]
[Result "1-0"]
[WhiteElo "2184"]
[BlackElo "1784"]
[PlyCount "103"]
[EventDate "2000.??.??"]


1. e4 c6 2. d4 d5 3. Nc3 dxe4 4. Nxe4 Nf6 5. Ng3 e5 6. Qe2 Qxd4 7. c3 Qd5 8.
Bf4 Be7 9. Qxe5 Qxe5+ 10. Bxe5 O-O 11. Be2 Be6 12. Nf3 Nbd7 13. Bf4 Nd5 14. Bd2
N7f6 15. Nd4 Bg4 16. f3 Bd7 17. O-O-O Rfe8 18. c4 c5 19. Ndf5 Bxf5 20. Nxf5 Nb4
21. a3 Nc6 22. Bc3 Bf8 23. Rhe1 Nh5 24. g3 g6 25. Nd6 Bxd6 26. Rxd6 Rad8 27.
Rxd8 Nxd8 28. b4 Ne6 29. Bd3 Nhg7 30. Be4 b6 31. Rd1 Rd8 32. Rxd8+ Nxd8 33. Be5
cxb4 34. axb4 Nge6 35. Kb2 Kf8 36. Ka3 a6 37. f4 Ke7 38. h4 f6 39. Bc3 Kd7 40.
Bxf6 Nc6 41. f5 gxf5 42. Bxf5 h6 43. b5 axb5 44. cxb5 Ne7 45. Bxe6+ Kxe6 46.
Bxe7 Kxe7 47. g4 Kf6 48. Kb4 Ke5 49. Kc4 Kf4 50. g5 hxg5 51. hxg5 Kxg5 52. Kd5
1-0

[Event "Aktiv-Alliancen 2000"]
[Site "Taastrup"]
[Date "2000.01.22"]
[Round "2"]
[White "Moller, Arne Vagn"]
[Black "Petersen, Steen Brustrup"]
[Result "0-1"]
[WhiteElo "1805"]
[BlackElo "2174"]
[PlyCount "58"]
[EventDate "2000.??.??"]


1. e4 c5 2. b3 d6 3. Bb2 Nc6 4. Nf3 e5 5. Be2 g6 6. O-O Bg7 7. c3 Nge7 8. Na3
O-O 9. d4 exd4 10. cxd4 Bg4 11. Nc2 Qa5 12. Qd3 d5 13. e5 Bf5 14. Qd1 Bxc2 15.
Qxc2 cxd4 16. Nxd4 Nxe5 17. Bc3 Qb6 18. Qd2 Rac8 19. Rad1 Rfe8 20. Ba5 Qf6 21.
Nb5 a6 22. Nd4 N7c6 23. Nxc6 Nxc6 24. Bf3 Nd4 25. Bxd5 Rc5 26. Bc4 Nf3+ 27.
gxf3 Rg5+ 28. Qxg5 Qxg5+ 29. Kh1 Qxa5 0-1

[Event "Aktiv-Alliancen 2000"]
[Site "Taastrup"]
[Date "2000.01.22"]
[Round "2"]
[White "Jensen, Soren G"]
[Black "Dalso, Harry"]
[Result "0-1"]
[WhiteElo "2161"]
[BlackElo "1718"]
[PlyCount "96"]
[EventDate "2000.??.??"]


1. e4 d6 2. d4 Nf6 3. Nc3 g6 4. f3 Bg7 5. Be3 O-O 6. Qd2 c6 7. g4 e5 8. O-O-O
Qa5 9. h4 h5 10. gxh5 Nxh5 11. dxe5 dxe5 12. Bc4 b5 13. Bb3 Qc7 14. Bh6 Nd7 15.
Nge2 Nc5 16. Bxg7 Kxg7 17. Rhg1 Qe7 18. Qg5 Qxg5+ 19. hxg5 a5 20. a3 Be6 21.
Bxe6 Nxe6 22. Rd6 Rac8 23. a4 b4 24. Nd1 Nhf4 25. Nxf4 Nxf4 26. Rh1 Rfd8 27.
Rxd8 Rxd8 28. Rh2 Ne6 29. Rg2 Rh8 30. Ne3 Nd4 31. Nc4 Nxf3 32. b3 Ra8 33. Kb2
Kf8 34. Rg3 Nd4 35. Nxe5 Re8 36. Nd7+ Kg7 37. Nf6 Re5 38. Rd3 c5 39. Nd7 Rxg5
40. Nxc5 Rxc5 41. Rxd4 Kf6 42. Rc4 Rxc4 43. bxc4 Ke5 44. c5 f5 45. exf5 gxf5
46. c3 bxc3+ 47. Kxc3 Kd5 48. c6 Kxc6 0-1